Culture générale - Ville de Sète - Statistiques

Statistiques générales
  • Ce quiz a été pris 202 fois
    10 depuis la dernière actualisation
  • Le résultat moyen est 10 sur 18
Statistiques - réponses
Hint Réponse % Correct
Département dans lequel elle se situe Hérault
100%
Les habitants sont appelés les.. Sétois
100%
Mer qui borde la ville Méditerranée
88%
Chanteur célèbre né dans cette ville Georges Brassens
75%
Région Occitanie
75%
Code postal 34200
63%
Ancien orthographe de la ville Cette
63%
Feuilleton tournée dans la ville Demain nous appartient
63%
Tarte salé typique de Sète Tielle
63%
Étang qui borde la ville Étang de Thau
50%
Nom de la "montagne" Mont Saint Clair
50%
Sport traditionnel Les joutes
38%
Écrivain / poète connu né et enterré Paul Valéry
38%
Fête d'été traditionnelle renommée Saint Louis
38%
Nom du célèbre cimetière de Sète Cimetière marin
25%
Fête des pêcheurs Saint Pierre
25%
Maire actuel Hervé Marquès
13%
Sète est aussi appelé.. La Venise du Languedoc
0%
Aucun quiz correspondant
Distribution des résultats
% des personnes avec chaque résultat
Percentile par nombre de réponses
Votre historique - résultats
Vous n’avez pas pris ce quiz depuis la dernière actualisation